000 00521nam a2200193 a 4500
001 1777282226321
003 YourLibrary
005 20260427150502.0
008 260427s1995##################000#0#eng##
020 _a9781852789350
082 0 4 _a379.118
_bCRE
100 1 _aCreedy, John,
_eauthor.
245 1 0 _aThe Economics of Higher Education :
260 _bEdward Elgar Publishing,
_c1995.
300 _a184 pages
650 0 _aBusiness & Economics.
942 _cENGLISH
040 _aYourLibrary
_beng
_cYourLibrary
999 _c619996
_d619996